Govt. of
Madhya Pradesh

मेरी ही कोइ्र आकृति (Record no. 64258)

MARC details
000 -LEADER
fixed length control field 00319nam a22000977a 4500
100 ## - MAIN ENTRY--AUTHOR NAME
Personal name बेदी,गुरमीत
245 ## - TITLE STATEMENT
Title मेरी ही कोइ्र आकृति
260 ## - PUBLICATION, DISTRIBUTION, ETC. (IMPRINT)
Place of publication दिल्‍ली
Name of publisher नीरज बुक सेंटर
Year of publication 2017
650 ## - SUBJECT ADDED ENTRY--TOPICAL TERM
Topical Term कविता
942 ## - ADDED ENTRY ELEMENTS (KOHA)
Koha item type Hindi Books

No items available.